Diseño de sistema Web, cadena productiva de gobierno para PYMES.

El trabajo presenta el uso de las tecnologías de la información y la comunicación como medio virtual para que las PYMES obtengan financiamientos basados en las ventas que le realizan al gobierno y cual oficina o dependencia que está adscrita al gobierno.

Bibliographic Details
Main Author: Herrera Rivera, Allan Noel
Other Authors: Tutor: Pérez Rojas, Aurora
Format: Tesis Section = Libro
Language:Undetermined
Spanish
Published: Managua UNI 2013
Subjects:
LEADER 01099nam a2200253Ia 4500
008 240830s9999 xx 000 0 und d
040 |a BIBLIOTECA-RUPAP M.Mon 004.65 H565 
041 |a spa 
082 |a M.Mon 004.65 H565 
100 1 |a Herrera Rivera, Allan Noel 
245 1 0 |a Diseño de sistema Web, cadena productiva de gobierno para PYMES. 
260 |a Managua  |b UNI  |c 2013 
300 |a 137 p. :il. 
500 |a Contiene: anexos y glosarios. 
502 |a Tesis (Máster en Informática Empresarial)- UNI, 2013. 
520 3 |a El trabajo presenta el uso de las tecnologías de la información y la comunicación como medio virtual para que las PYMES obtengan financiamientos basados en las ventas que le realizan al gobierno y cual oficina o dependencia que está adscrita al gobierno. 
650 7 |a SISTEMA DE ALMACENAMIENTO Y RECUPERACION DE DATOS - DISEÑO 
650 7 |b PROCESAMIENTO ELECTRONICO DE DATOS 
650 7 |c REDE DE COMPUTADORAS 
650 7 |d SISTEMA DE TRANSMISION DE DATOS 
700 1 |a Tutor:  |b Pérez Rojas, Aurora 
942 |c BK  |2 ddc 
991 |a TESIS 
999 |c 15159